000 01827nam0a2200373 4500
001 RU\NLR\bibl\1318063
005 20260531051148.0
010 _a978-5-89697-154-2
_9600
021 _aRU
_b2008-92770
_95436
035 _a(NLR Aleph) 001303432
090 _a633858
_c633858
100 _a20090121d2008 |||y0rusy50 ca
101 0 _arus
102 _aRU
105 _ay |||||||||
200 1 _aРелигия в самосознании народа
_eрелигиозный фактор в идентификационных процессах
_f[Мчедлов М.П., Мчедлова М.М., Логинов А.В. и др.
_gотв. ред.: д.филос.н., проф. Мчедлов М.П.]
_gРос. акад. наук, Ин-т социологии
210 _aМосква
_cИнститут социологии
_d2008
215 _a413, [1] с.
_d22
300 _aАвт. указаны на обороте тит.л.
300 _aНа тит.л.: К 40-летию Ин-та социологии Рос.акад. наук
320 _aБиблиогр. в подстроч. примеч.
606 1 _aИдентичность религиозная
_92518733
_3RU\NLR\AUTH\661492685
686 _aС550.566
686 _aЭ210.1
701 1 _4070
_8rus
_7ca
_aМчедлов
_bМ. П.
_gМиран Петрович
_f1928-
_3RU\NLR\auth\7722273
_95332
701 1 _aМчедлова
_bМ. М.
_4070
701 1 _aЛогинов
_bА. В.
_gАндрей Викторович
_4070
712 0 2 _4570
_aИнститут социологии
_cМосква
_3RU\NLR\AUTH\889974822
_9446621
801 0 _aRU
_bNLR
_c20090121
_gRCR
801 1 _aRU
_bNLR
_c20090121
942 _cBOOK
980 _aNB